000 00605nam a2200241Ia 4500
003 OSt
005 20221005123047.0
006 a|||||r|||| 00| 0
007 ta
008 221004b |||||||| |||| 00| 0 eng d
024 _a37803
037 _cTextual
040 _aCRL
_cCRL
_beng
041 _2eng
_aeng
082 _aO:2J64:11, J8
100 _aShakespeare William
245 0 _aKing John
260 _c1958
490 _aCambridge pocket Shakespeare
650 _aENGLISH LITERATURE
942 _hO:2J64:11, J8
_cTEXL
_2cc
999 _c1046261
_d1046261